| 000 | 00684nam a2200241Ia 4500 | ||
|---|---|---|---|
| 003 | OSt | ||
| 005 | 20250627144130.0 | ||
| 008 | 210423s2011 xx 000 0 und d | ||
| 020 | _a9780415877916 | ||
| 040 | _cAL | ||
| 041 | _aeng | ||
| 082 |
_a070.1 _223 _b CHOG |
||
| 100 |
_aRohit Chopra _989688 |
||
| 245 | _aGlobal media culture and identity: theory cases and approaches | ||
| 260 |
_aNew York _bRoutledge _c2011 |
||
| 300 |
_axviii,258 _bPB |
||
| 365 |
_b2104 _cINR |
||
| 650 |
_aGeneral _989689 |
||
| 650 |
_aMass Media _989690 |
||
| 700 |
_aGajjala, Radhika _9216285 |
||
| 906 | _aapproaches. ; cases ; culture ; Global ; identity: ; media ; theory | ||
| 942 |
_2ddc _cBK |
||
| 999 |
_c160614 _d160614 |
||